|
|
|
|
| LEADER |
00000cam a2200000 7i4500 |
| 001 |
0000003214 |
| 005 |
20051220.0 |
| 020 |
0 |
0 |
|a 9839269275
|
| 090 |
0 |
0 |
|a 597.9
|b NOR
|
| 100 |
1 |
0 |
|a Norhayati Ahmad.
|
| 245 |
1 |
0 |
|a A photographic guide to amphibians of Endau Rompin, State Park, Pahang
|c Norhayati Ahmad, Juliana Senawi, Lim Boo Liat
|
| 260 |
0 |
0 |
|a Kuala Lumpur :
|b Jabatan Perhutanan Semenanjung Malaysia ,
|c 2004
|
| 300 |
|
|
|a 59 p. :
|b col. ill. ;
|c 20 cm.
|
| 500 |
0 |
0 |
|a Includes index
|
| 650 |
0 |
0 |
|a Amphibians
|z Pahang
|z Endau Rompin
|
| 650 |
0 |
0 |
|a forest and forestry
|z Pahang
|z Endau Rompin
|
| 700 |
1 |
1 |
|a Juliana Senawi
|
| 700 |
1 |
1 |
|a Lim Boo Liat
|
| 999 |
|
|
|a 0000005894
|b Monograph
|c Open Shelf
|e Default branch
|
| 999 |
|
|
|a 0000005895
|b Monograph
|c Open Shelf
|e Default branch
|
| 999 |
|
|
|a 0000005896
|b Monograph
|c Open Shelf
|e Default branch
|
| 999 |
|
|
|a 0000005897
|b Monograph
|c Open Shelf
|e Default branch
|
| 999 |
|
|
|a 0000005898
|b Monograph
|c Open Shelf
|e Default branch
|